Statystyki dla Drużyny, które wygrały Majora w CS:GO!

Kliknij tutaj aby rozwiązać quiz!

Ogólne statystyki

  • Ten quiz został rozwiązany 1,081 razy
  • Średni wynik to 10 z 15

Statystyki odpowiedzi

Major Zwycięzca % poprawnych
EMS One Katowice 2014Virtus.pro
97%
DreamHack Jönköping 2013 CS:GO MajorFnatic
83%
IEM Katowice Major 2019Astralis
80%
StarLadder Major: Berlin 2019Astralis
79%
ESL One Cologne 2014Ninjas in Pyjamas
78%
FACEIT Major: London 2018Astralis
78%
ESL One Katowice 2015Fnatic
75%
PGL Major: Kraków 2017Gambit Esports
73%
ELEAGUE Major: Atlanta 2017Astralis
72%
ESL One Cologne 2015Fnatic
68%
ELEAGUE Major: Boston 2018Cloud9
62%
DreamHack Open Cluj-Napoca 2015Team EnVyUs
51%
MLG Major Championship: Columbus 2016Luminosity Gaming
49%
DreamHack Winter 2014Team LDLC
48%
ESL One Cologne 2016SK Gaming
43%

Rozkład punktacji

Percentyl według liczby udzielonych odpowiedzi

Procent ludzi z każdym wynikiem

Twoja historia wyników

Nie rozwiązałeś tego quizu